[Event "Armenia ch 2005"]
[Site "Yerevan ARM"]
[Date "2005.04.29"]
[Round "1.1"]
[White "Sargissian, Gabriel"]
[Black "Yegiazarian, Arsen"]
[Result "1-0"]
[WhiteElo "2630"]
[BlackElo "2534"]
[PlyCount "77"]
[EventDate "2005.04.29"]
[EventType "tourn"]
[EventRounds "11"]
[EventCountry "ARM"]
[Source "lmi"]
[SourceDate "2005.05.11"]

1. d4 Nf6 2. c4 e6 3. Nf3 b6 4. g3 Bb4+ 5. Bd2 a5 6. Bg2 Bb7 7. O-O O-O 8. Nc3
d6 9. Qc2 Nbd7 10. b3 Qe7 11. a3 Bxc3 12. Bxc3 Be4 13. Qb2 c5 14. Rfd1 cxd4 15.
Rxd4 e5 16. Rdd1 a4 17. Bb4 Nc5 18. Bxc5 bxc5 19. b4 cxb4 20. Qxb4 Rfd8 21.
Rac1 Bc6 22. c5 d5 23. Ne1 Rab8 24. Qd2 Rb3 25. Nc2 Rb2 26. Qc3 Rb3 27. Qa1 Bb5
28. Nb4 d4 29. Rd2 Rc3 30. c6 Rxc1+ 31. Qxc1 Rc8 32. Rc2 e4 33. Bf1 e3 34. fxe3
dxe3 35. Rc5 Bxe2 36. Bxe2 Ne4 37. Rd5 Nf2 38. Qc4 Qf6 39. Qd4 1-0

[Event "Armenia ch 2005"]
[Site "Yerevan ARM"]
[Date "2005.04.29"]
[Round "1.2"]
[White "Minasian, Ara"]
[Black "Kotanjian, Tigran"]
[Result "1-0"]
[WhiteElo "2510"]
[BlackElo "2443"]
[PlyCount "67"]
[EventDate "2005.04.29"]
[EventType "tourn"]
[EventRounds "11"]
[EventCountry "ARM"]
[Source "lmi"]
[SourceDate "2005.05.11"]

1. e4 c5 2. Nf3 Nc6 3. Bb5 g6 4. O-O Bg7 5. c3 Nf6 6. Qe2 O-O 7. Rd1 d6 8. d4
cxd4 9. cxd4 Bg4 10. Nc3 Nd7 11. Be3 f5 12. exf5 Rxf5 13. Bc4+ Kh8 14. Be6 Bxf3
15. gxf3 Rf8 16. d5 Nce5 17. f4 Nf7 18. Ne4 Nc5 19. Bxc5 dxc5 20. Bxf7 Rxf7 21.
Nxc5 Qd6 22. Ne6 Rf5 23. Qe4 h6 24. Rac1 Bxb2 25. Rb1 Bf6 26. Rxb7 a5 27. Rb3
a4 28. Rg3 Rg8 29. Kh1 Qb6 30. Rdg1 Qxf2 31. R3g2 Qb6 32. Rxg6 Rxg6 33. Rxg6
Qf2 34. d6 1-0

[Event "Armenia ch 2005"]
[Site "Yerevan ARM"]
[Date "2005.04.29"]
[Round "1.3"]
[White "Nalbandian, Tigran"]
[Black "Minasian, Artashes"]
[Result "0-1"]
[WhiteElo "2508"]
[BlackElo "2597"]
[PlyCount "40"]
[EventDate "2005.04.29"]
[EventType "tourn"]
[EventRounds "11"]
[EventCountry "ARM"]
[Source "lmi"]
[SourceDate "2005.05.11"]

1. Nf3 g6 2. d4 Bg7 3. c4 c5 4. d5 d6 5. e4 Nf6 6. Nc3 O-O 7. Bd3 a6 8. a4 b6
9. h3 Ra7 10. O-O e5 11. Bg5 h6 12. Be3 Nh7 13. Nh2 f5 14. exf5 gxf5 15. f4
Raf7 16. Qd2 Nd7 17. fxe5 Nxe5 18. Ne2 Re8 19. Nf3 Nxd3 20. Qxd3 Rfe7 0-1

[Event "Armenia ch 2005"]
[Site "Yerevan ARM"]
[Date "2005.04.29"]
[Round "1.4"]
[White "Anastasian, Ashot"]
[Black "Chibukhchian, Artur"]
[Result "1/2-1/2"]
[WhiteElo "2574"]
[BlackElo "2406"]
[PlyCount "119"]
[EventDate "2005.04.29"]
[EventType "tourn"]
[EventRounds "11"]
[EventCountry "ARM"]
[Source "lmi"]
[SourceDate "2005.05.11"]

1. d4 d5 2. c4 dxc4 3. Nc3 a6 4. e3 e5 5. Bxc4 exd4 6. exd4 Nf6 7. Nf3 Bd6 8.
O-O O-O 9. Bg5 h6 10. Bh4 Nc6 11. h3 Bf5 12. Re1 Nb4 13. Bb3 c5 14. Re2 Bd3 15.
Rd2 c4 16. Ne5 cxb3 17. Nxd3 g5 18. Nxb4 Bxb4 19. Bg3 Bxc3 20. bxc3 Ne4 21. Rb2
Nxg3 22. fxg3 bxa2 23. Rxb7 Qa5 24. Qb3 Rac8 25. Rb4 Qc7 26. c4 a5 27. Ra4 Rb8
28. Qxa2 Qxg3 29. c5 Rb4 30. Qd2 Rxa4 31. Rxa4 Rb8 32. Ra1 a4 33. d5 a3 34. Qf2
Qd3 35. d6 Rb1+ 36. Rxb1 Qxb1+ 37. Kh2 a2 38. d7 Qb8+ 39. Qg3 Qd8 40. Qa3 Qxd7
41. Qxa2 Qc7+ 42. Kh1 Qxc5 43. Qe2 Qd4 44. g4 Kg7 45. Kg2 Qd5+ 46. Kh2 Kg6 47.
Kg3 Qd6+ 48. Kg2 Qc6+ 49. Kg3 Qc3+ 50. Kg2 Kg7 51. Qf2 Qe5 52. Qc2 h5 53. Qd3
Qb2+ 54. Kg1 h4 55. Qe3 Qb1+ 56. Kg2 Qb7+ 57. Kg1 Qd5 58. Qc3+ Kg6 59. Qe3 Kf6
60. Kf2 1/2-1/2

[Event "Armenia ch 2005"]
[Site "Yerevan ARM"]
[Date "2005.04.29"]
[Round "1.5"]
[White "Asrian, Karen"]
[Black "Galstian, Beniamin"]
[Result "1-0"]
[WhiteElo "2611"]
[BlackElo "2448"]
[PlyCount "106"]
[EventDate "2005.04.29"]
[EventType "tourn"]
[EventRounds "11"]
[EventCountry "ARM"]
[Source "lmi"]
[SourceDate "2005.05.11"]

1. e4 e5 2. Nf3 Nc6 3. Bb5 Nf6 4. d3 d6 5. c3 g6 6. O-O Bg7 7. Nbd2 O-O 8. Re1
Bd7 9. Nf1 Nh5 10. Ba4 Kh8 11. Bg5 Qe8 12. Ne3 h6 13. Bh4 Nf4 14. Bg3 Ne6 15.
Bc2 Rd8 16. Nf5 gxf5 17. exf5 Ned4 18. cxd4 Bxf5 19. Ba4 Qe6 20. Bxc6 bxc6 21.
dxe5 Qd5 22. Qa4 dxe5 23. Bxe5 Bxd3 24. Rad1 f6 25. Bxc7 Rd7 26. Bg3 Rfd8 27.
b3 c5 28. h3 Kh7 29. Qa3 c4 30. bxc4 Qxc4 31. Re7 a6 32. Kh2 Bf5 33. Rc1 Qd3
34. Rc3 Qf1 35. Re1 Qb5 36. Rb3 Qc4 37. Rc1 Qe6 38. Re3 Qb6 39. Re7 Rxe7 40.
Qxe7 Rd7 41. Qa3 Rd3 42. Qa4 Qb5 43. Qf4 Bd7 44. Re1 Qf5 45. Qc7 Bf8 46. Nh4
Qg5 47. Qc4 Qd5 48. Qf4 Qd4 49. Re4 Qa1 50. Re7+ Bxe7 51. Qe4+ f5 52. Qxd3 Be6
53. Nxf5 Bf6 1-0

[Event "Armenia ch 2005"]
[Site "Yerevan ARM"]
[Date "2005.04.29"]
[Round "1.6"]
[White "Petrosian, Tigran L"]
[Black "Babujian, Levon"]
[Result "1/2-1/2"]
[WhiteElo "2599"]
[BlackElo "2386"]
[PlyCount "133"]
[EventDate "2005.04.29"]
[EventType "tourn"]
[EventRounds "11"]
[EventCountry "ARM"]
[Source "lmi"]
[SourceDate "2005.05.11"]

1. d4 d5 2. Nf3 Nf6 3. c4 e6 4. g3 dxc4 5. Bg2 c5 6. O-O Nc6 7. Qa4 cxd4 8.
Nxd4 Qxd4 9. Bxc6+ Bd7 10. Rd1 Bxc6 11. Qxc6+ bxc6 12. Rxd4 Rd8 13. Rxc4 c5 14.
Nc3 Rd4 15. Ra4 Rxa4 16. Nxa4 Nd5 17. b3 Nb6 18. Be3 Nxa4 19. bxa4 Kd7 20. Rd1+
Kc6 21. Rd8 Kc7 22. Re8 c4 23. Ra8 c3 24. Rxa7+ Kc6 25. Ra6+ Kd7 26. Ra7+ Kc6
27. Ra8 Kb7 28. Rd8 Bc5 29. Rd7+ Kc6 30. Rd3 Bb4 31. Rd4 Rb8 32. a3 Ba5 33.
Rc4+ Kb7 34. Bd4 Rc8 35. Rxc8 Kxc8 36. e4 c2 37. Be3 Bb6 38. Bd2 Bc5 39. Bc1
Kb7 40. Kf1 Kb6 41. Ke2 Ka5 42. f4 Kxa4 43. Kd3 Kb3 44. g4 h6 45. a4 Bb4 46. h4
g6 47. h5 gxh5 48. gxh5 f5 49. exf5 exf5 50. Be3 Be1 51. Bc1 Ba5 52. Kd4 Bb4
53. Kd3 Bc3 54. Be3 Ba5 55. Bc1 Be1 56. Be3 Ba5 57. Bc1 Bc7 58. Kd4 Ka2 59. Kd5
Kb1 60. Bd2 Ba5 61. Be3 Kb2 62. Ke5 Kc3 63. Kxf5 Kd3 64. Bc1 Bd2 65. Ba3 Kc4
66. Ke4 Kb3 67. Kd3 1/2-1/2

[Event "Armenia ch 2005"]
[Site "Yerevan ARM"]
[Date "2005.04.30"]
[Round "2.1"]
[White "Yegiazarian, Arsen"]
[Black "Babujian, Levon"]
[Result "1-0"]
[WhiteElo "2534"]
[BlackElo "2386"]
[PlyCount "189"]
[EventDate "2005.04.29"]
[EventType "tourn"]
[EventRounds "11"]
[EventCountry "ARM"]
[Source "lmi"]
[SourceDate "2005.05.11"]

1. d4 Nf6 2. c4 g6 3. Nf3 Bg7 4. g3 d5 5. cxd5 O-O 6. Bg2 Qxd5 7. Nc3 Qf5 8.
O-O Nc6 9. Bf4 Qh5 10. d5 e5 11. Bg5 Ne7 12. d6 cxd6 13. Bxf6 Bxf6 14. Qxd6 Qf5
15. Bh3 Qxh3 16. Qxf6 Qe6 17. Qxe5 Qxe5 18. Nxe5 Be6 19. Rfd1 Rfc8 20. Rd2 Kg7
21. f3 b5 22. Kf2 b4 23. Ne4 h6 24. Nd3 Rab8 25. Nf4 Bf5 26. Nd6 Rc6 27. e4 Bc8
28. Rad1 b3 29. a3 Ba6 30. Ng2 Rc5 31. Ne3 h5 32. Rd4 Kf8 33. f4 f6 34. R1d2
Rb6 35. Ndc4 Re6 36. Rd8+ Kg7 37. Nd6 Nc6 38. Re8 Re7 39. Rxe7+ Nxe7 40. Ne8+
Kf7 41. Nxf6 Kxf6 42. Rd6+ Kf7 43. Rxa6 Rc2+ 44. Kf3 Rxb2 45. Rxa7 Ke6 46. Ra6+
Kd7 47. Ra7+ Ke6 48. Rb7 Rb1 49. Nc4 Nc6 50. Nd2 Ra1 51. Nxb3 Rxa3 52. Kg2 Ra2+
53. Kh3 Rc2 54. Rg7 Kf6 55. Rc7 g5 56. e5+ Kg6 57. fxg5 Kxg5 58. e6 Kf6 59. e7
Kf7 60. Na5 Nd4 61. Rxc2 Nxc2 62. Nc6 Ne3 63. Kh4 Ng4 64. h3 Nf2 65. Ne5+ Kxe7
66. Ng6+ Kf6 67. Nf4 Ne4 68. Nxh5+ Kg6 69. Nf4+ Kf5 70. Ne2 Kg6 71. Nd4 Kg7 72.
Nf5+ Kf6 73. Ne3 Kg7 74. Nd1 Kg6 75. Kg4 Nf6+ 76. Kf3 Kf5 77. Ne3+ Kg5 78. Ng2
Kg6 79. g4 Ne8 80. h4 Kf6 81. Nf4 Ng7 82. Ke4 Ne8 83. g5+ Kg7 84. h5 Nd6+ 85.
Kf3 Nf5 86. Nd5 Nd4+ 87. Kg4 Ne6 88. h6+ Kh7 89. Kh5 Kg8 90. g6 Kh8 91. Ne7
Nf4+ 92. Kg5 Nh5 93. Ng8 Ng7 94. Ne7 Nh5 95. Nf5 1-0

[Event "Armenia ch 2005"]
[Site "Yerevan ARM"]
[Date "2005.04.30"]
[Round "2.2"]
[White "Galstian, Beniamin"]
[Black "Petrosian, Tigran L"]
[Result "1-0"]
[WhiteElo "2448"]
[BlackElo "2599"]
[PlyCount "95"]
[EventDate "2005.04.29"]
[EventType "tourn"]
[EventRounds "11"]
[EventCountry "ARM"]
[Source "lmi"]
[SourceDate "2005.05.11"]

1. c4 e6 2. Nc3 d5 3. cxd5 exd5 4. d4 c5 5. Nf3 Nc6 6. g3 Nf6 7. Bg2 Be7 8. O-O
O-O 9. Bg5 cxd4 10. Nxd4 h6 11. Be3 Re8 12. Qa4 Bd7 13. Rad1 Bc5 14. Qb3 Na5
15. Qc2 Rc8 16. Qb1 Rxe3 17. fxe3 Nc4 18. Nxd5 Nxd5 19. Bxd5 Nxe3 20. Rxf7 Nxd5
21. Qg6 Bf8 22. Nf5 Bxf5 23. Qxf5 Qb6+ 24. Kh1 Ne3 25. Rxg7+ Bxg7 26. Qxc8+ Kh7
27. Rd3 Qf6 28. Qc1 Ng4 29. Rf3 Qg6 30. h3 Ne5 31. Re3 b5 32. b3 b4 33. Kg2 Nc6
34. Qc4 Nd4 35. Qd5 a5 36. g4 h5 37. Re7 Nc2 38. Re6 hxg4 39. h4 Ne1+ 40. Kf1
Nc2 41. Kg2 Ne1+ 42. Kg3 Qc2 43. Qh5+ Kg8 44. Re8+ Bf8 45. Qxg4+ Kf7 46. Qe6+
Kg7 47. Rc8 Qb2 48. Qg4+ 1-0

[Event "Armenia ch 2005"]
[Site "Yerevan ARM"]
[Date "2005.04.30"]
[Round "2.3"]
[White "Chibukhchian, Artur"]
[Black "Asrian, Karen"]
[Result "1/2-1/2"]
[WhiteElo "2406"]
[BlackElo "2611"]
[PlyCount "52"]
[EventDate "2005.04.29"]
[EventType "tourn"]
[EventRounds "11"]
[EventCountry "ARM"]
[Source "lmi"]
[SourceDate "2005.05.11"]

1. d4 Nf6 2. Nf3 d5 3. c4 e6 4. Nc3 c6 5. cxd5 exd5 6. Bg5 h6 7. Bh4 Bf5 8. e3
Nbd7 9. Bd3 Bxd3 10. Qxd3 Bd6 11. Nd2 O-O 12. f3 Qb6 13. O-O Rfe8 14. b3 c5 15.
Na4 Qa5 16. Bxf6 Nxf6 17. Nxc5 Bxc5 18. dxc5 Qxc5 19. Rfe1 Rac8 20. Nf1 Qc2 21.
Qd4 b6 22. Ng3 Qg6 23. Rac1 Rc2 24. Rxc2 Qxc2 25. Re2 Qb1+ 26. Kf2 Re6 1/2-1/2

[Event "Armenia ch 2005"]
[Site "Yerevan ARM"]
[Date "2005.04.30"]
[Round "2.4"]
[White "Minasian, Artashes"]
[Black "Anastasian, Ashot"]
[Result "1/2-1/2"]
[WhiteElo "2597"]
[BlackElo "2574"]
[PlyCount "21"]
[EventDate "2005.04.29"]
[EventType "tourn"]
[EventRounds "11"]
[EventCountry "ARM"]
[Source "lmi"]
[SourceDate "2005.05.11"]

1. e4 c6 2. d4 d5 3. exd5 cxd5 4. c3 Nc6 5. Bd3 Nf6 6. Ne2 Bg4 7. f3 Bh5 8. O-O
e6 9. Bf4 Bd6 10. Nd2 Bg6 11. Nb3 1/2-1/2

[Event "Armenia ch 2005"]
[Site "Yerevan ARM"]
[Date "2005.04.30"]
[Round "2.5"]
[White "Kotanjian, Tigran"]
[Black "Nalbandian, Tigran"]
[Result "1-0"]
[WhiteElo "2443"]
[BlackElo "2508"]
[PlyCount "71"]
[EventDate "2005.04.29"]
[EventType "tourn"]
[EventRounds "11"]
[EventCountry "ARM"]
[Source "lmi"]
[SourceDate "2005.05.11"]

1. d4 Nf6 2. c4 g6 3. Nc3 Bg7 4. e4 d6 5. Nf3 O-O 6. Be2 e5 7. O-O Na6 8. Be3
Qe8 9. dxe5 dxe5 10. h3 Nd7 11. a3 Nac5 12. b4 Ne6 13. c5 c6 14. Qd6 Nf4 15.
Bc4 Bf6 16. Rfe1 a5 17. Rac1 axb4 18. axb4 Be7 19. Qd2 Nh5 20. Ra1 Rb8 21. Bh6
Ng7 22. Ra7 Qd8 23. Rd1 Qc7 24. Ng5 Nxc5 25. bxc5 Bxc5 26. Raa1 b5 27. Bb3 Bd4
28. Rac1 Qa7 29. Ne2 Bxf2+ 30. Kh1 Be3 31. Qd6 Be6 32. Qxe5 f6 33. Bxe6+ Kh8
34. Bxg7+ Qxg7 35. Nf7+ Qxf7 36. Qxb8 1-0

[Event "Armenia ch 2005"]
[Site "Yerevan ARM"]
[Date "2005.04.30"]
[Round "2.6"]
[White "Sargissian, Gabriel"]
[Black "Minasian, Ara"]
[Result "1-0"]
[WhiteElo "2630"]
[BlackElo "2510"]
[PlyCount "75"]
[EventDate "2005.04.29"]
[EventType "tourn"]
[EventRounds "11"]
[EventCountry "ARM"]
[Source "lmi"]
[SourceDate "2005.05.11"]

1. d4 f5 2. c4 Nf6 3. Nc3 g6 4. f3 Nc6 5. d5 Ne5 6. f4 Nf7 7. Nf3 Bg7 8. g3 c6
9. Be3 Nd6 10. Qd3 Nde4 11. Bg2 Qa5 12. Nd2 O-O 13. Bxe4 fxe4 14. Ndxe4 Nxe4
15. Qxe4 Qb4 16. Bd4 Qxc4 17. Bxg7 Qxe4 18. Nxe4 Kxg7 19. d6 e6 20. Nc5 e5 21.
fxe5 b6 22. Nd3 Ba6 23. Nf4 Rf5 24. e6 Re5 25. e7 Bc4 26. O-O Bf7 27. h4 h6 28.
Rf2 g5 29. hxg5 hxg5 30. Nd3 Rd5 31. Raf1 Be8 32. Rf6 c5 33. R1f5 Rc8 34. Rf8
Rxf5 35. Rxf5 Bg6 36. Rxg5 Kf6 37. Rxg6+ Kxg6 38. Ne5+ 1-0

[Event "Armenia ch 2005"]
[Site "Yerevan ARM"]
[Date "2005.05.01"]
[Round "3.2"]
[White "Nalbandian, Tigran"]
[Black "Sargissian, Gabriel"]
[Result "1/2-1/2"]
[WhiteElo "2508"]
[BlackElo "2630"]
[PlyCount "189"]
[EventDate "2005.04.29"]
[EventType "tourn"]
[EventRounds "11"]
[EventCountry "ARM"]
[Source "lmi"]
[SourceDate "2005.05.11"]

1. d4 Nf6 2. c4 e6 3. g3 d5 4. Bg2 Bb4+ 5. Bd2 Be7 6. Nf3 O-O 7. O-O c6 8. Qc2
b6 9. Bf4 Bb7 10. Nbd2 Nh5 11. Bxb8 Rxb8 12. e4 Nf6 13. e5 Nd7 14. cxd5 cxd5
15. Qd3 Rc8 16. Rfc1 Nb8 17. a3 Qd7 18. Bf1 Qa4 19. Qb5 Qxb5 20. Bxb5 a6 21.
Bd3 Nc6 22. Rc2 Na5 23. Rac1 b5 24. Rxc8 Rxc8 25. Rxc8+ Bxc8 26. b4 Nc4 27.
Bxc4 dxc4 28. Nb1 Bb7 29. Nfd2 a5 30. bxa5 Bd8 31. a6 Bxa6 32. Ne4 Bb7 33. Nd6
Bc6 34. Kf1 Bc7 35. Nc3 Bxd6 36. exd6 Kf8 37. Ke2 Ke8 38. Ke3 Kd7 39. d5 exd5
40. Kd4 Kxd6 41. Nd1 Bd7 42. Nc3 Kc6 43. Nxd5 Be6 44. Nc3 Kb6 45. f4 g6 46. h4
h5 47. Ke3 Ka5 48. Kd2 b4 49. axb4+ Kxb4 50. Ne2 Kc5 51. Ke3 Bh3 52. Nc3 Bg2
53. Ne2 Kb4 54. Kd2 Bb7 55. Nc3 Bf3 56. Na2+ Kb3 57. Nc3 Bc6 58. Ne2 Bd5 59.
Nd4+ Kb4 60. Ne2 Bf3 61. Nc3 Bg4 62. Ne4 Bf5 63. Nc3 Bg4 64. Ne4 Bf3 65. Nc3 f6
66. Na2+ Ka3 67. Nc3 Kb3 68. Nb5 Kb4 69. Nc3 Bc6 70. Ne2 Be4 71. Nc3 Bf3 72.
Na2+ Kb3 73. Nc3 Bc6 74. Ne2 Bd7 75. Nc3 Bc6 76. Ne2 Bb7 77. Nc3 Bf3 78. Nb5
Kb4 79. Nc3 Bc6 80. Ne2 Bb7 81. Nc3 Bc6 82. Ne2 Bh1 83. Nc3 Bg2 84. Ne2 Kc5 85.
Ke3 Bh3 86. Nc3 Kd6 87. Nb5+ Kc6 88. Nd4+ Kd5 89. Ne2 Kc5 90. Nc3 Bf5 91. Ne2
Kb4 92. Kd2 c3+ 93. Nxc3 Kc4 94. Nd1 Kd4 95. Nf2 1/2-1/2

[Event "Armenia ch 2005"]
[Site "Yerevan ARM"]
[Date "2005.05.01"]
[Round "3.3"]
[White "Anastasian, Ashot"]
[Black "Kotanjian, Tigran"]
[Result "1-0"]
[WhiteElo "2574"]
[BlackElo "2443"]
[PlyCount "101"]
[EventDate "2005.04.29"]
[EventType "tourn"]
[EventRounds "11"]
[EventCountry "ARM"]
[Source "lmi"]
[SourceDate "2005.05.11"]

1. e4 c5 2. Nf3 Nc6 3. Bb5 g6 4. O-O Bg7 5. c3 Nf6 6. Re1 O-O 7. h3 Qb6 8. Ba4
d5 9. e5 Nd7 10. d4 e6 11. Na3 a6 12. Nc2 Qc7 13. Ne3 b5 14. Bc2 cxd4 15. cxd4
f6 16. exf6 Nxf6 17. Nf1 Ne4 18. Bxe4 dxe4 19. Rxe4 Bb7 20. N1h2 Rad8 21. Bg5
Rd5 22. Qc1 Qd7 23. Bh6 Nxd4 24. Bxg7 Nxf3+ 25. Nxf3 Qxg7 26. Re2 Rdf5 27. Nh2
h5 28. Qe3 Bd5 29. Rc1 b4 30. b3 Rf4 31. Rec2 R8f7 32. Nf1 a5 33. Qg3 Kh7 34.
Ne3 Be4 35. Rd2 g5 36. Rc5 e5 37. Nd5 h4 38. Qe3 Qg6 39. f3 Rxf3 40. gxf3 Rxf3
41. Rc7+ Kh6 42. Qb6 Qxb6+ 43. Nxb6 Rxh3 44. Nc4 g4 45. Rh2 Rg3+ 46. Kf2 Rf3+
47. Ke1 h3 48. Nxe5 Re3+ 49. Kf2 Rc3 50. Nxg4+ Kg5 51. Rg7+ 1-0

[Event "Armenia ch 2005"]
[Site "Yerevan ARM"]
[Date "2005.05.01"]
[Round "3.6"]
[White "Babujian, Levon"]
[Black "Galstian, Beniamin"]
[Result "1/2-1/2"]
[WhiteElo "2386"]
[BlackElo "2448"]
[PlyCount "167"]
[EventDate "2005.04.29"]
[EventType "tourn"]
[EventRounds "11"]
[EventCountry "ARM"]
[Source "lmi"]
[SourceDate "2005.05.11"]

1. c4 e5 2. Nc3 Nf6 3. g3 Bb4 4. Bg2 O-O 5. Qb3 Nc6 6. Bxc6 Bxc3 7. Qxc3 dxc6
8. d3 Re8 9. Bg5 h6 10. Bxf6 Qxf6 11. f3 Qg5 12. Qd2 Qg6 13. e4 Be6 14. Ne2
Rad8 15. Qe3 f5 16. b3 b6 17. O-O-O c5 18. Rhg1 Bc8 19. g4 fxg4 20. fxg4 Qg5
21. Qxg5 hxg5 22. Kd2 Rd6 23. Rg2 Rf8 24. Ke3 Bb7 25. Ng1 Rf4 26. Rdd2 Bc8 27.
h3 Rh6 28. Rg3 Kf7 29. Nf3 Kf6 30. a3 a5 31. Rb2 Bd7 32. b4 cxb4 33. axb4 axb4
34. Rxb4 Rh8 35. Rb1 Ra8 36. Rgg1 Ra3 37. Nd2 Ke7 38. Rg3 Bc6 39. Rf3 Ba4 40.
Rc1 b5 41. Rg3 b4 42. Rgg1 Rf8 43. Ke2 Rh8 44. Rg3 Rc3 45. Ra1 Bc2 46. Ra5 Ke6
47. Ra6+ Kd7 48. Nf3 Re8 49. Kd2 Bb1 50. Ra1 Rb3 51. Ra5 Ra3 52. Nxe5+ Kc8 53.
Rb5 b3 54. Kc3 Bc2 55. Nc6 Bd1 56. e5 Kd7 57. Nd4 c6 58. Rb7+ Kc8 59. Rb6 Rxe5
60. Nxb3 Kc7 61. Kb2 Ra4 62. c5 Re2+ 63. Kb1 Bc2+ 64. Kb2 Bxd3+ 65. Kc3 Bb5 66.
Rf3 Rc4+ 67. Kd3 Rce4+ 68. Kc3 Rf4 69. Rxf4 gxf4 70. Nd4 Re3+ 71. Kc2 Rxh3 72.
Ne6+ Kc8 73. Nxf4 Rg3 74. Ne6 Rxg4 75. Kc3 Rc4+ 76. Kb3 Re4 77. Nxg7 Re5 78.
Kb4 Kc7 79. Ka5 Re1 80. Nf5 Ra1+ 81. Kb4 Ra4+ 82. Kb3 Rc4 83. Rb7+ Kxb7 84.
Nd6+ 1/2-1/2

[Event "Armenia ch 2005"]
[Site "Yerevan ARM"]
[Date "2005.05.03"]
[Round "5.1"]
[White "Nalbandian, Tigran"]
[Black "Yegiazarian, Arsen"]
[Result "1-0"]
[WhiteElo "2508"]
[BlackElo "2534"]
[PlyCount "133"]
[EventDate "2005.04.29"]
[EventType "tourn"]
[EventRounds "11"]
[EventCountry "ARM"]
[Source "lmi"]
[SourceDate "2005.05.11"]

1. Nf3 c5 2. e4 e6 3. c4 Nc6 4. Nc3 Nf6 5. Be2 d5 6. cxd5 exd5 7. exd5 Nxd5 8.
d4 cxd4 9. Nxd4 Nxc3 10. bxc3 Nxd4 11. Qxd4 Qxd4 12. cxd4 Bb4+ 13. Bd2 Bxd2+
14. Kxd2 Be6 15. Rhc1 Rd8 16. Rc7 O-O 17. Kc3 Rc8 18. Rxc8 Rxc8+ 19. Kd2 Bd5
20. g3 Kf8 21. a4 Ke7 22. a5 Rc6 23. Bd3 h6 24. Re1+ Re6 25. Rc1 Rd6 26. Rc5
Bc6 27. Kc3 f6 28. Rc4 Rd7 29. a6 Kd6 30. axb7 Rxb7 31. Rc5 Rc7 32. Kd2 Rb7 33.
Ra5 Bd5 34. Ra6+ Kc7 35. Ke3 Bc6 36. Kf4 Bd7 37. Be4 Rb3 38. Rxa7+ Kd6 39. Ra6+
Ke7 40. Bc6 Bc8 41. Ra8 g5+ 42. Ke4 Bg4 43. d5 Kd6 44. Kd4 Rb2 45. Rd8+ Kc7 46.
Rh8 Rd2+ 47. Ke3 Re2+ 48. Kd3 Rxf2 49. Rxh6 Kd6 50. h3 Rh2 51. Kd4 Rd2+ 52. Ke3
Rh2 53. Rxf6+ Ke5 54. Rg6 Bxh3 55. Rxg5+ Kd6 56. Rh5 Rh1 57. Rh6+ Kc5 58. Bd7
Bg2 59. Rxh1 Bxh1 60. Be6 Bg2 61. Kf4 Kd6 62. g4 Bf1 63. Kg5 Be2 64. Kf5 Bd1
65. g5 Ke7 66. Ke5 Kf8 67. Kf6 1-0

[Event "Armenia ch 2005"]
[Site "Yerevan ARM"]
[Date "2005.05.03"]
[Round "5.2"]
[White "Anastasian, Ashot"]
[Black "Minasian, Ara"]
[Result "1-0"]
[WhiteElo "2574"]
[BlackElo "2510"]
[PlyCount "65"]
[EventDate "2005.04.29"]
[EventType "tourn"]
[EventRounds "11"]
[EventCountry "ARM"]
[Source "lmi"]
[SourceDate "2005.05.11"]

1. d4 f5 2. c4 Nf6 3. Nf3 g6 4. g3 Bg7 5. Bg2 O-O 6. O-O d6 7. Nc3 Nc6 8. d5
Na5 9. Qd3 e5 10. dxe6 Bxe6 11. b3 Nc6 12. Bb2 Ne4 13. Rac1 Nb4 14. Qb1 Nxc3
15. Rxc3 f4 16. Rcc1 Nc6 17. Rcd1 Bf5 18. Qc1 Bxb2 19. Qxb2 Be4 20. b4 Qf6 21.
Qb3 Kg7 22. b5 Ne5 23. Nxe5 Qxe5 24. Bxe4 Qxe4 25. c5 Rf6 26. cxd6 cxd6 27. Qc3
Re8 28. Rxd6 Qe5 29. Rd7+ Rf7 30. Rxf7+ Kxf7 31. Qc4+ Kg7 32. Rd1 Re7 33. Rd8
1-0

[Event "Armenia ch 2005"]
[Site "Yerevan ARM"]
[Date "2005.05.03"]
[Round "5.3"]
[White "Asrian, Karen"]
[Black "Sargissian, Gabriel"]
[Result "1/2-1/2"]
[WhiteElo "2611"]
[BlackElo "2630"]
[PlyCount "62"]
[EventDate "2005.04.29"]
[EventType "tourn"]
[EventRounds "11"]
[EventCountry "ARM"]
[Source "lmi"]
[SourceDate "2005.05.11"]

1. e4 e5 2. Nf3 Nc6 3. Bb5 Nf6 4. O-O Nxe4 5. Qe2 Nd6 6. Bxc6 dxc6 7. Qxe5+ Qe7
8. Qa5 Qd8 9. Qe5+ Qe7 10. Qa5 Qd8 11. Qc3 f6 12. Re1+ Be7 13. Qb3 Bg4 14. Nd4
Qd7 15. h3 c5 16. Nc3 c6 17. Nxc6 c4 18. Qa4 bxc6 19. hxg4 h5 20. b3 hxg4 21.
Ba3 Rh5 22. Ne4 Kf7 23. Ng3 Rh7 24. Bxd6 Qxd6 25. Qxc4+ Qd5 26. Qxg4 Rah8 27.
Re3 Bd6 28. Qd7+ Kg6 29. Qg4+ Kf7 30. Qd7+ Kg6 31. Qg4+ Kf7 1/2-1/2

[Event "Armenia ch 2005"]
[Site "Yerevan ARM"]
[Date "2005.05.03"]
[Round "5.4"]
[White "Petrosian, Tigran L"]
[Black "Kotanjian, Tigran"]
[Result "1-0"]
[WhiteElo "2599"]
[BlackElo "2443"]
[PlyCount "55"]
[EventDate "2005.04.29"]
[EventType "tourn"]
[EventRounds "11"]
[EventCountry "ARM"]
[Source "lmi"]
[SourceDate "2005.05.11"]

1. e4 c5 2. Nf3 d6 3. c3 Nf6 4. Be2 g6 5. O-O Bg7 6. Re1 O-O 7. Bf1 Nc6 8. h3
e5 9. d3 Ne8 10. Nbd2 f5 11. b4 Kh8 12. b5 Ne7 13. d4 d5 14. exd5 e4 15. c4
cxd4 16. Ba3 Nd6 17. Nxd4 b6 18. N2b3 a6 19. bxa6 Rxa6 20. Bb4 Ra8 21. a4 Re8
22. a5 Nb7 23. axb6 Rxa1 24. Qxa1 Qxb6 25. Qa4 Qd8 26. d6 Ng8 27. c5 Nf6 28.
Bb5 1-0

[Event "Armenia ch 2005"]
[Site "Yerevan ARM"]
[Date "2005.05.03"]
[Round "5.5"]
[White "Babujian, Levon"]
[Black "Minasian, Artashes"]
[Result "1-0"]
[WhiteElo "2386"]
[BlackElo "2597"]
[PlyCount "91"]
[EventDate "2005.04.29"]
[EventType "tourn"]
[EventRounds "11"]
[EventCountry "ARM"]
[Source "lmi"]
[SourceDate "2005.05.11"]

1. e4 g6 2. d4 c6 3. Nc3 Bg7 4. Nf3 d6 5. Be3 b5 6. Qd2 Nd7 7. O-O-O Qa5 8. e5
b4 9. Nb1 dxe5 10. dxe5 Nxe5 11. Nxe5 Bxe5 12. Bc4 Nf6 13. Bh6 Ng4 14. Rhe1 Bf6
15. Qd6 Nxh6 16. Qxc6+ Kf8 17. Qxa8 Kg7 18. Qd5 Qc7 19. g3 Bg4 20. Rd2 e6 21.
Qd3 Bf5 22. Qf1 Rc8 23. Bb3 Qc6 24. a4 bxa3 25. Nxa3 Bxb2+ 26. Kxb2 Qc3+ 27.
Kc1 Qxb3 28. Re3 Qa2 29. Qb5 Ng4 30. Rb3 Qa1+ 31. Nb1 a6 32. Qb7 Rc5 33. f3
Nxh2 34. Rxh2 Qe5 35. Qb4 Qxg3 36. Qxc5 Qxh2 37. Nd2 h5 38. Rb7 Qe2 39. Qc3+ e5
40. f4 h4 41. Qxe5+ Qxe5 42. fxe5 h3 43. Nf1 g5 44. Ng3 Be6 45. Kd2 Kg6 46. Ke3
1-0

[Event "Armenia ch 2005"]
[Site "Yerevan ARM"]
[Date "2005.05.03"]
[Round "5.6"]
[White "Galstian, Beniamin"]
[Black "Chibukhchian, Artur"]
[Result "1-0"]
[WhiteElo "2448"]
[BlackElo "2406"]
[PlyCount "93"]
[EventDate "2005.04.29"]
[EventType "tourn"]
[EventRounds "11"]
[EventCountry "ARM"]
[Source "lmi"]
[SourceDate "2005.05.11"]

1. e4 c5 2. Nf3 e6 3. Be2 Nc6 4. O-O Nf6 5. d3 d5 6. Nbd2 Bd6 7. c3 O-O 8. Re1
Qc7 9. a3 b5 10. Bf1 Bb7 11. Qe2 Nd7 12. d4 cxd4 13. cxd4 Bxh2+ 14. Nxh2 Nxd4
15. Qd1 Nc2 16. Rb1 Nxe1 17. Qxe1 Qc2 18. b4 dxe4 19. Bxb5 Nb6 20. Nhf1 f5 21.
Ne3 Qc7 22. Bb2 f4 23. Rc1 Qe7 24. Ng4 Rf5 25. Bc6 Bxc6 26. Rxc6 Qh4 27. Qxe4
Qxg4 28. Rxb6 axb6 29. Qxa8+ Rf8 30. Qe4 Qd1+ 31. Nf1 Qd5 32. Qxd5 exd5 33. Nd2
Rc8 34. Nb3 Rc2 35. Bd4 b5 36. Bc5 g5 37. Nd4 Rc1+ 38. Kh2 g4 39. Nxb5 h5 40.
g3 f3 41. a4 Kf7 42. a5 Ra1 43. Nc7 d4 44. Bxd4 Rc1 45. Bc5 h4 46. gxh4 Kg6 47.
a6 1-0